MARC details
| 000 -LEADER |
| fixed length control field |
03401nam a2200529 i 4500 |
| 001 - CONTROL NUMBER |
| control field |
BDZ0057076059 |
| 003 - CONTROL NUMBER IDENTIFIER |
| control field |
StDuBDS |
| 005 - DATE AND TIME OF LATEST TRANSACTION |
| control field |
20250625101359.0 |
| 006 - FIXED-LENGTH DATA ELEMENTS--ADDITIONAL MATERIAL CHARACTERISTICS |
| fixed length control field |
m|||||o||d|||||||| |
| 007 - PHYSICAL DESCRIPTION FIXED FIELD--GENERAL INFORMATION |
| fixed length control field |
cr ||||||||||| |
| 008 - FIXED-LENGTH DATA ELEMENTS--GENERAL INFORMATION |
| fixed length control field |
250228t20252025enka fob 001|0 eng|d |
| 020 ## - INTERNATIONAL STANDARD BOOK NUMBER |
| International Standard Book Number |
9781040403471 (PDF ebook) : |
| Terms of availability |
No price |
| 020 ## - INTERNATIONAL STANDARD BOOK NUMBER |
| International Standard Book Number |
9781040403501 (ePub ebook) : |
| Terms of availability |
No price |
| 020 ## - INTERNATIONAL STANDARD BOOK NUMBER |
| Canceled/invalid ISBN |
9781915722768 (pbk.) : |
| Terms of availability |
55.00 |
| 040 ## - CATALOGING SOURCE |
| Original cataloging agency |
StDuBDS |
| Language of cataloging |
eng |
| Description conventions |
rda |
| -- |
pn |
| Transcribing agency |
StDuBDS |
| Modifying agency |
StDuBDSZ |
| 050 #4 - LIBRARY OF CONGRESS CALL NUMBER |
| Classification number |
KD1641 |
| Item number |
.L9 2025 |
| 072 #7 - SUBJECT CATEGORY CODE |
| Subject category code |
HOU |
| Source |
ukslc |
| 072 #7 - SUBJECT CATEGORY CODE |
| Subject category code |
TD |
| Source |
bicssc |
| 072 #7 - SUBJECT CATEGORY CODE |
| Subject category code |
AMD |
| Source |
bicssc |
| 072 #7 - SUBJECT CATEGORY CODE |
| Subject category code |
TN |
| Source |
bicssc |
| 072 #7 - SUBJECT CATEGORY CODE |
| Subject category code |
TD |
| Source |
thema |
| 072 #7 - SUBJECT CATEGORY CODE |
| Subject category code |
AMD |
| Source |
thema |
| 072 #7 - SUBJECT CATEGORY CODE |
| Subject category code |
TN |
| Source |
thema |
| 082 04 - DEWEY DECIMAL CLASSIFICATION NUMBER |
| Classification number |
692.80941 |
| Edition number |
23 |
| 100 1# - MAIN ENTRY--PERSONAL NAME |
| Personal name |
Lupton, Sarah, |
| Relator term |
author. |
| 245 10 - TITLE STATEMENT |
| Title |
Guide to JCT Design and Build Contract 2024 |
| Medium |
[electronic resource] / |
| Statement of responsibility, etc. |
Sarah Lupton, Manos Stellakis. |
| 264 #1 - PRODUCTION, PUBLICATION, DISTRIBUTION, MANUFACTURE, AND COPYRIGHT NOTICE |
| Place of production, publication, distribution, manufacture |
London : |
| Name of producer, publisher, distributor, manufacturer |
RIBA Publishing, |
| Date of production, publication, distribution, manufacture, or copyright notice |
[2025] |
| 264 #4 - PRODUCTION, PUBLICATION, DISTRIBUTION, MANUFACTURE, AND COPYRIGHT NOTICE |
| Date of production, publication, distribution, manufacture, or copyright notice |
2025 |
| 300 ## - PHYSICAL DESCRIPTION |
| Extent |
1 online resource (ix, 198 pages) : |
| Other physical details |
illustrations (black and white) |
| 336 ## - CONTENT TYPE |
| Content type term |
text |
| Source |
rdacontent |
| 336 ## - CONTENT TYPE |
| Content type term |
still image |
| Source |
rdacontent |
| 337 ## - MEDIA TYPE |
| Media type term |
computer |
| Source |
rdamedia |
| 338 ## - CARRIER TYPE |
| Carrier type term |
online resource |
| Source |
rdacarrier |
| 366 ## - TRADE AVAILABILITY INFORMATION |
| Detailed date of publication |
20250401 |
| Availability status code |
In stock |
| 504 ## - BIBLIOGRAPHY, ETC. NOTE |
| Bibliography, etc. note |
Includes bibliographical references and index. |
| 505 0# - FORMATTED CONTENTS NOTE |
| Formatted contents note |
Foreword About the Authors About this Guide 1. About MW24 2. Documents 3. Obligations of the contractor 4. Commencement and completion 5. Control of the works 6. Sums properly due 7. Certification 8. Indemnity and insurance 9. Termination 10. Dispute resolution References Clause index for MW24 Clause index for MWD24 Subject index |
| 520 8# - SUMMARY, ETC. |
| Summary, etc. |
The latest edition of the JCT Guide series is an essential resource for architects working with the JCT Design & Build Contract 2024. Organised by topic, this guide offers a clear, practical breakdown of the contract's provisions, procedures and party obligations. It also addresses potential contractual issues with support from the latest legislation and case law.Key updates in the 2024 edition: Comprehensive analysis of the JCT Design & Build Contract 2024, covering all recent changes. Legislative updates, including the Building Safety Act, Building Regulations Part 2A and the Procurement Act 2023. Case law coverage on crucial topics, like design liability, responsibility for employer requirements and planning permission, concurrent delay, practical completion, and more. Comparative insights on other JCT contracts and NEC4, offering a broader view of contract management. New figures and tables, improving clarity and ease of use. Whether you're a seasoned practitioner or a student preparing for exams, this guide is designed to simplify complex contract administration and ensure compliance with the latest legal requirements. With its clear structure and expert analysis, it's an indispensable tool for architects handling the JCT Design & Build Contract. |
| 588 ## - SOURCE OF DESCRIPTION NOTE |
| Source of description note |
Description based on print version record. |
| 650 #0 - SUBJECT ADDED ENTRY--TOPICAL TERM |
| Topical term or geographic name entry element |
CONSTRUCTION CONTRACTS |
| 650 #0 - SUBJECT ADDED ENTRY--TOPICAL TERM |
| Topical term or geographic name entry element |
EBOOK |
| 650 #7 - SUBJECT ADDED ENTRY--TOPICAL TERM |
| Topical term or geographic name entry element |
ENGINEERING |
| 700 1# - ADDED ENTRY--PERSONAL NAME |
| Personal name |
Stellakis, Manos, |
| Relator term |
author. |
| 710 2# - ADDED ENTRY--CORPORATE NAME |
| Corporate name or jurisdiction name as entry element |
Joint Contracts Tribunal, |
| Relator term |
issuing body. |
| 776 08 - ADDITIONAL PHYSICAL FORM ENTRY |
| Relationship information |
Print version : |
| International Standard Book Number |
9781915722768 |
| 856 40 - ELECTRONIC LOCATION AND ACCESS |
| Uniform Resource Identifier |
<a href="https://www.vlebooks.com/product/openreader?id=RICS&accId=9491556&isbn=9781040403471">https://www.vlebooks.com/product/openreader?id=RICS&accId=9491556&isbn=9781040403471</a> |
| Public note |
Available on VLeBooks (email [email protected] if you do not have a login) |
| 942 ## - ADDED ENTRY ELEMENTS (KOHA) |
| Source of classification or shelving scheme |
Dewey Decimal Classification |